Prístupy k dekompozičnému algoritmu Dantziga – Wolfea
Rozdielne prístupy k algoritmu dekompozície Dantziga – Wolfea, ktoré sa prejavujú ako drobné modifikácie v jednotlivých krokoch algoritmu. Uvedené modifikácie majú významný vplyv na výpočtové vlastnosti algoritmu, rozmer riešených úloh, ako aj na výsledné riešenie algoritmu. Príspevok tiež poukazuje...
Saved in:
| Main Author: | |
|---|---|
| Format: | Book Chapter |
| Language: | Slovak |
| Subjects: | |
| Tags: |
No Tags, Be the first to tag this record!
|
MARC
| LEADER | 00000nla a2200000 4500 | ||
|---|---|---|---|
| 001 | 0164501 | ||
| 005 | 20240502072854.6 | ||
| 041 | 0 | |a slo | |
| 044 | |a SK | ||
| 245 | 1 | 0 | |a Prístupy k dekompozičnému algoritmu Dantziga – Wolfea |c Filip Ostrihoň |
| 520 | |a Rozdielne prístupy k algoritmu dekompozície Dantziga – Wolfea, ktoré sa prejavujú ako drobné modifikácie v jednotlivých krokoch algoritmu. Uvedené modifikácie majú významný vplyv na výpočtové vlastnosti algoritmu, rozmer riešených úloh, ako aj na výsledné riešenie algoritmu. Príspevok tiež poukazuje na oblasti algoritmu, v ktorých je nedostatočný počet rozdielnych prístupov a ktoré je potrebné z uvedeného hľadiska v budúcnosti väčšmi rozpracovať. | ||
| 610 | 2 | 0 | |a algoritmy |
| 610 | 2 | 0 | |a dekompozícia |
| 610 | 2 | 0 | |a programovanie lineárne |
| 100 | 1 | |a Ostrihoň, Filip | |